All Virginia Cities on a Map - Statistics

General Stats
  • This quiz has been taken 39 times
  • The average score is 52 of 660
Answers on the Map
Answers color-coded by a green-red scale on the quiz's map according to % correct below.
 
Answer Stats
City Population % Correct
Alexandria 159,102
87%
Arlington 235,463
87%
Chesapeake 254,997
87%
Virginia Beach 454,808
87%
Newport News 183,056
83%
Norfolk 231,105
83%
Richmond 233,655
83%
Roanoke 97,912
83%
Fairfax 26,340
78%
Hampton 137,596
78%
Charlottesville 44,767
74%
Lynchburg 80,301
74%
Suffolk 103,105
74%
Manassas 43,616
70%
Williamsburg 16,030
70%
Fredericksburg 29,992
65%
Harrisonburg 51,164
65%
Portsmouth 96,482
65%
Blacksburg 45,452
61%
Bristol 16,316
61%
Danville 41,993
57%
Leesburg 49,831
57%
Winchester 27,800
57%
Petersburg 34,058
52%
Falls Church 15,034
43%
Salem 25,908
43%
Staunton 26,361
43%
Manassas Park 16,611
39%
Mount Vernon 13,120
39%
Quantico 591
39%
Radford 17,273
39%
Reston 63,542
39%
Springfield 30,894
39%
Tysons 28,022
39%
Galax 6,739
35%
McLean 50,232
35%
Poquoson 12,854
35%
Vienna 16,562
35%
Wytheville 8,160
35%
Yorktown 182
35%
Appomattox 2,003
30%
Ashburn 45,551
30%
Ashland 7,910
30%
Bluefield 4,871
30%
Buena Vista 6,581
30%
Colonial Heights 18,674
30%
Culpeper 21,464
30%
Emporia 5,402
30%
Farmville 7,578
30%
Lexington 7,802
30%
Martinsville 13,834
30%
Norton 3,478
30%
Cape Charles 1,288
26%
Chantilly 23,744
26%
Chincoteague 3,279
26%
Covington 5,663
26%
Franklin 8,373
26%
Front Royal 15,628
26%
Herndon 25,180
26%
Hopewell 22,970
26%
Short Pump 28,177
26%
Smithfield 9,032
26%
Washington 84
26%
Dale City 72,793
22%
Glen Allen 16,630
22%
Luray 4,813
22%
Mechanicsville 38,437
22%
Orange 5,210
22%
Pulaski 8,805
22%
South Hill 4,920
22%
Tazewell 4,302
22%
Warrenton 10,224
22%
Wise 2,869
22%
Woodbridge 43,443
22%
Big Stone Gap 5,087
17%
Bowling Green 1,252
17%
Boydton 301
17%
Burke 43,336
17%
Centreville 71,885
17%
Chester 23,519
17%
Clarksville 1,309
17%
Colonial Beach 4,038
17%
Dahlgren 3,417
17%
Dinwiddie 407
17%
Exmore 1,416
17%
Falmouth 5,036
17%
Franconia 18,141
17%
King George 4,833
17%
Madison 210
17%
Shenandoah 2,467
17%
South Boston 7,795
17%
Sterling 31,251
17%
Surry 209
17%
Tangier 433
17%
Tappahannock 2,199
17%
Tuckahoe 48,610
17%
Virgilina 119
17%
Waynesboro 23,498
17%
West Point 3,529
17%
Abingdon 8,316
13%
Accomac 516
13%
Alberta 297
13%
Altavista 3,332
13%
Annandale 41,982
13%
Baskerville 202
13%
Bedford 7,823
13%
Berryville 4,819
13%
Brodnax 283
13%
Buchanan 1,207
13%
Bull Run 24,201
13%
Chase City 2,057
13%
Christiansburg 22,632
13%
Clifton 242
13%
Courtland 1,287
13%
Dumfries 5,978
13%
Eastville 291
13%
Grundy 820
13%
Halifax 1,090
13%
Jarratt 641
13%
Jonesville 851
13%
Kilmarnock 1,464
13%
La Crosse 613
13%
Lake of the Woods 8,165
13%
Lake Ridge 45,007
13%
Lawrenceville 997
13%
Lorton 21,961
13%
Louisa 2,201
13%
Lunenburg 16
13%
Manchester 12,347
13%
Massanutten 2,215
13%
Oakton 36,776
13%
Port Royal 216
13%
Powhatan 665
13%
Saluda 588
13%
South Riding 34,200
13%
Bellwood 8,489
9%
Bensley 5,819
9%
Blackstone 3,344
9%
Bon Air 17,302
9%
Brandermill 13,938
9%
Bridgewater 6,826
9%
Burkeville 419
9%
Chamberlayne 5,000
9%
Charlotte Court House 493
9%
Chatham 1,195
9%
Clifton Forge 3,385
9%
Crewe 2,248
9%
Cumberland 291
9%
Damascus 790
9%
Dillwyn 439
9%
Dumbarton 8,407
9%
Dunn Loring 8,782
9%
East Highland Park 16,071
9%
Enon 4,035
9%
Fairfield 477
9%
Fairview 271
9%
Ferrum 1,622
9%
Forest 12,476
9%
Fort Belvoir 8,107
9%
Fort Lee 8,318
9%
Gainesville 18,036
9%
Gloucester Courthouse 3,509
9%
Gloucester Point 11,159
9%
Gordonsville 1,509
9%
Great Falls 14,854
9%
Gretna 1,276
9%
Grottoes 3,036
9%
Hanover 52
9%
Haymarket 1,594
9%
Highland Springs 15,091
9%
Innsbrook 8,559
9%
Lake Caroline 2,708
9%
Lakeside 12,845
9%
Lancaster 22
9%
Laurel 18,180
9%
Lebanon 3,093
9%
Lincolnia 19,913
9%
Madison Heights 10,398
9%
Marshall 3,213
9%
Mathews 1,145
9%
Matoaca 2,448
9%
McKenney 465
9%
Meadowbrook 20,383
9%
Midlothian 18,702
9%
Mineral 523
9%
Oak Grove 2,452
9%
Occoquan 1,063
9%
Onley 537
9%
Palmyra 25
9%
Prince George 2,066
9%
Purcellville 8,965
9%
Sandston 7,011
9%
Scottsville 543
9%
Strasburg 7,290
9%
Stuart 1,407
9%
Stuarts Draft 11,920
9%
Sussex 110
9%
Vinton 8,059
9%
Wakefield 12,771
9%
West Falls Church 30,660
9%
West Springfield 22,905
9%
Woodlake 7,373
9%
Woodstock 5,954
9%
Wyndham 12,084
9%
Aldie 168
4%
Amherst 2,128
4%
Appalachia 1,376
4%
Arcola 2,858
4%
Bealeton 5,193
4%
Big Rock 168
4%
Bland 526
4%
Blue Ridge 3,112
4%
Bracey 1,243
4%
Braddock 6,404
4%
Brambleton 23,999
4%
Burke Centre 17,447
4%
Castlewood 1,120
4%
Cedar Bluff 1,014
4%
Charles City 36
4%
Cheriton 458
4%
Claremont 309
4%
Clinchco 230
4%
Clintwood 1,313
4%
Coeburn 1,556
4%
Columbia 38
4%
Crozet 9,211
4%
Dahlgren Center 658
4%
Dante 588
4%
Disputanta 931
4%
Dranesville 11,860
4%
Duffield 69
4%
Dungannon 251
4%
East Lexington 2,020
4%
East Stone Gap 792
4%
Ebony 75
4%
Ettrick 5,760
4%
Ewing 441
4%
Fairview Beach 204
4%
Fancy Gap 243
4%
Floyd 448
4%
Gasburg 501
4%
Gate City 2,019
4%
George Mason 9,954
4%
Glasgow 1,037
4%
Goochland 1,301
4%
Goshen 334
4%
Greenville 1,187
4%
Hallwood 203
4%
Hamilton 607
4%
Haysi 476
4%
Honaker 1,192
4%
Hot Springs 540
4%
Hutchison 6,936
4%
Hybla Valley 17,877
4%
Idylwood 17,469
4%
Independence 998
4%
Irvington 479
4%
Ivor 310
4%
Kenbridge 1,111
4%
Keysville 786
4%
Kingstowne 17,436
4%
King William 151
4%
Linton Hall 42,077
4%
Low Moor 396
4%
Mantua 7,447
4%
Marion 5,602
4%
McNair 22,451
4%
Middleburg 696
4%
Montrose 8,624
4%
Montross 346
4%
New Market 2,202
4%
Nokesville 1,179
4%
Oak Hall 66
4%
Onancock 1,160
4%
One Loudoun 3,126
4%
Paris 58
4%
Parksley 813
4%
Passapatanzy 1,015
4%
Pembroke 1,135
4%
Pennington Gap 1,575
4%
Pocahontas 262
4%
Potomac Mills 6,122
4%
Pound 840
4%
Richlands 5,074
4%
Riverdale 1,129
4%
Rocky Mount 4,971
4%
Round Hill 687
4%
Saltville 1,773
4%
Seven Corners 9,171
4%
Southern Gateway 2,224
4%
Spotsylvania Courthouse 6,793
4%
Stafford Courthouse 5,780
4%
Stanardsville 363
4%
Stone Ridge 16,340
4%
St. Paul 835
4%
Tasley 66
4%
Triangle 11,265
4%
Union Level 95
4%
Urbanna 515
4%
Vansant 367
4%
Victoria 1,743
4%
Warm Springs 21
4%
Warsaw 1,683
4%
Waverly 1,934
4%
Weber City 1,236
4%
White Stone 389
4%
Windsor 2,920
4%
Wintergreen 464
4%
Woodlawn 24,289
4%
Abbs Valley 129
0%
Adwolf 1,001
0%
Afton 243
0%
Allison Gap 544
0%
Allisonia 51
0%
Amelia Court House 1,192
0%
Apple Mountain Lake 1,801
0%
Aquia Harbour 6,917
0%
Arrington 1,084
0%
Atkins 1,026
0%
Atlantic 436
0%
Augusta Springs 80
0%
Bailey's Crossroads 25,458
0%
Barboursville 747
0%
Bassett 1,020
0%
Bastian 417
0%
Basye 1,416
0%
Bayside 78
0%
Baywood 719
0%
Belle Haven 7,126
0%
Belmont 9,525
0%
Belmont Estates 1,037
0%
Belspring 191
0%
Belview 920
0%
Benns Church 1,443
0%
Bethel Manor 4,512
0%
Big Island 103
0%
Big Stone Gap East 430
0%
Blairs 1,001
0%
Bloxom 380
0%
Blue Ridge Shores 853
0%
Bobtown 196
0%
Boissevain 757
0%
Boones Mill 260
0%
Boston 156
0%
Boyce 793
0%
Boykins 510
0%
Branchville 119
0%
Brandy Station 90
0%
Breaks 220
0%
Brightwood 1,436
0%
Broadlands 14,673
0%
Broadway 4,384
0%
Brookneal 1,076
0%
Brucetown 269
0%
Buckhall 20,447
0%
Buckingham Courthouse 253
0%
Bull Run Mountain Estates 1,582
0%
Callaghan 277
0%
Calverton 59
0%
Camp Barrett 1,569
0%
Camptown 758
0%
Cana 1,164
0%
Capron 135
0%
Captains Cove 1,676
0%
Carrollton 7,903
0%
Carrsville 278
0%
Cascades 12,489
0%
Catlett 139
0%
Cats Bridge 204
0%
Cave Spring 26,014
0%
Central Garage 1,364
0%
Chase Crossing 450
0%
Chatmoss 1,503
0%
Cherry Hill 23,443
0%
Chester Gap 896
0%
Chilhowie 1,610
0%
Churchville 64
0%
Claypool Hill 1,332
0%
Cleveland 134
0%
Cliftondale Park 81
0%
Clinchport 62
0%
Clover 836
0%
Cloverdale 3,095
0%
Cluster Springs 1,038
0%
Collinsville 7,645
0%
Concord 1,367
0%
Countryside 9,521
0%
County Center 4,233
0%
Craigsville 915
0%
Crimora 1,823
0%
Crosspointe 5,632
0%
Daleville 3,166
0%
Dayton 1,756
0%
Deep Creek 141
0%
Deerfield 415
0%
Deltaville 862
0%
Dendron 256
0%
Difficult Run 10,202
0%
Dooms 1,360
0%
Doran 13
0%
Drakes Branch 516
0%
Draper 458
0%
Dryden 545
0%
Dublin 2,657
0%
Dulles Town Center 5,541
0%
Dunbar 51
0%
Eagle Rock 122
0%
Earlysville 1,217
0%
Edinburg 1,213
0%
Eggleston 97
0%
Elkton 3,073
0%
Elliston 1,041
0%
Emory 1,135
0%
Esmont 413
0%
Fairfax Station 12,298
0%
Fair Lakes 8,617
0%
Fairlawn 2,555
0%
Fair Oaks 35,472
0%
Falls Mills 97
0%
Fieldale 797
0%
Fincastle 823
0%
Fishersville 9,546
0%
Flint Hill 245
0%
Floris 7,135
0%
Fort Chiswell 770
0%
Fort Hunt 16,519
0%
Franklin Farm 18,509
0%
Franktown 10
0%
Free Union 185
0%
Fries 444
0%
Gargatha 584
0%
Glade Spring 1,368
0%
Glen Lyn 93
0%
Glenvar 865
0%
Glen Wilton 74
0%
Goose Creek Village 2,519
0%
Gore 52
0%
Gratton 797
0%
Great Falls Crossing 1,384
0%
Greenbackville 62
0%
Greenbriar 7,989
0%
Greenbush 184
0%
Groveton 13,563
0%
Gwynn 584
0%
Hampden-Sydney 1,942
0%
Harborton 87
0%
Harriston 1,252
0%
Hayfield 4,252
0%
Heathsville 101
0%
Henry Fork 843
0%
Hillsboro 110
0%
Hillsville 2,843
0%
Hilltown 306
0%
Hiltons 403
0%
Hiwassee 83
0%
Hollins 17,005
0%
Hollymead 8,566
0%
Horntown 479
0%
Horse Pasture 2,193
0%
Huntington 13,250
0%
Hurt 1,239
0%
Independent Hill 10,217
0%
Innovation 1,139
0%
Iron Gate 310
0%
Ivanhoe 711
0%
Ivy 744
0%
Jewell Ridge 48
0%
Jolivue 1,135
0%
Keezletown 529
0%
Keller 144
0%
Keokee 294
0%
Keswick 386
0%
Kincora 600
0%
King and Queen Court House 31
0%
Kings Park 4,206
0%
Kings Park West 13,281
0%
Lafayette 528
0%
Lake Barcroft 10,678
0%
Lake Holiday 2,059
0%
Lake Land'Or 3,581
0%
Lake Monticello 10,820
0%
Lake Wilderness 3,255
0%
Lansdowne 12,603
0%
Laurel Hill 7,551
0%
Laurel Park 843
0%
Laymantown 1,843
0%
Lee Mont 86
0%
Linville 231
0%
Loch Lomond 4,460
0%
Locust Mount 99
0%
Long Branch 7,066
0%
Loudoun Valley Estates 10,323
0%
Lovettsville 2,719
0%
Lovingston 430
0%
Lowes Island 11,199
0%
Lyndhurst 1,401
0%
Makemie Park 98
0%
Mallow 511
0%
Mappsburg 24
0%
Mappsville 403
0%
Mason Neck 2,059
0%
Massanetta Springs 6,028
0%
Maurertown 1,138
0%
Max Meadows 582
0%
McDowell 37
0%
McGaheysville 1,155
0%
McMullin 241
0%
Meadows of Dan 101
0%
Mechanicsburg 54
0%
Melfa 400
0%
Mendota 125
0%
Merrifield 20,549
0%
Merrimac 2,955
0%
Metompkin 330
0%
Middlebrook 159
0%
Middletown 1,444
0%
Midland 213
0%
Millboro 158
0%
Modest Town 243
0%
Moneta 301
0%
Montclair 22,295
0%
Monterey 164
0%
Montvale 379
0%
Motley 743
0%
Mountain Road 1,517
0%
Mount Clifton 196
0%
Mount Crawford 460
0%
Mount Hermon 4,326
0%
Mount Jackson 2,019
0%
Mount Sidney 657
0%
Narrows 2,040
0%
Nassawadox 520
0%
Nathalie 54
0%
Navy 3,787
0%
Nellysford 1,623
0%
Nelsonia 293
0%
New Baltimore 11,595
0%
New Castle 122
0%
New Church 382
0%
New Hope 917
0%
Newington 13,824
0%
Newington Forest 12,434
0%
New Kent 887
0%
New River 377
0%
Newsoms 280
0%
Nickelsville 376
0%
North Garden 405
0%
North Shore 3,708
0%
North Springfield 7,511
0%
Nottoway Court House 96
0%
Oak Level 568
0%
Opal 784
0%
Osaka 86
0%
Painter 272
0%
Pamplin City 147
0%
Pantops 4,328
0%
Parrott 414
0%
Pastoria 789
0%
Patrick Springs 2,094
0%
Pearisburg 2,857
0%
Penhook 1,253
0%
Phenix 226
0%
Pimmit Hills 6,395
0%
Piney Mountain 2,478
0%
Plum Creek 1,067
0%
Port Republic 562
0%
Pounding Mill 235
0%
Prices Fork 909
0%
Pungoteague 187
0%
Quantico Base 5,491
0%
Quinby 269
0%
Raven 1,826
0%
Ravensworth 2,566
0%
Rectortown 44
0%
Remington 643
0%
Rich Creek 734
0%
Ridgeway 733
0%
Riner 1,037
0%
Rio 1,213
0%
Ripplemead 347
0%
Rivanna 2,258
0%
Riverview 652
0%
Rockwood 8,834
0%
Rocky Gap 7
0%
Rose Hill 22,035
0%
Ruckersville 1,314
0%
Rural Retreat 1,530
0%
Rushmere 1,087
0%
Rustburg 1,276
0%
Sandy Level 466
0%
Sanford 10
0%
Savage Town 254
0%
Savageville 552
0%
Saxis 169
0%
Schooner Bay 49
0%
Schuyler 250
0%
Scotland 91
0%
Scottsburg 124
0%
Sedley 597
0%
Selma 333
0%
Seven Mile Ford 528
0%
Shawneeland 2,653
0%
Shawsville 1,725
0%
Shenandoah Farms 3,956
0%
Shenandoah Retreat 573
0%
Shenandoah Shores 783
0%
Sherando 246
0%
Shipman 489
0%
Singers Glen 144
0%
Skyland Estates 607
0%
Snowville 124
0%
Southampton Meadows 255
0%
South Run 6,714
0%
Southside Chesconessex 100
0%
Sperryville 364
0%
Springville 953
0%
Stanley 1,696
0%
Stanleytown 1,323
0%
St. Charles 84
0%
Stephens City 2,160
0%
Stevens Creek 100
0%
Stewartsville 434
0%
Stickleyville 217
0%
Stonega 154
0%
Stony Creek 202
0%
Sudley 18,420
0%
Sugar Grove 598
0%
Sugarland Run 12,920
0%
Sully Square 2,668
0%
Tacoma 141
0%
Temperanceville 265
0%
Templeton 85
0%
The Plains 255
0%
The University of Virginia's College at Wise 538
0%
Timberlake 12,833
0%
Timberville 3,104
0%
Toms Brook 285
0%
Troutdale 139
0%
Troutville 468
0%
Twin Lakes 1,794
0%
Union Hall 1,468
0%
Union Mill 4,351
0%
University Center 4,107
0%
University of Virginia 9,159
0%
Upperville 45
0%
Verona 4,274
0%
Villa Heights 647
0%
Wachapreague 258
0%
Warfield 65
0%
Waterford 243
0%
Wattsville 1,425
0%
Weems 259
0%
Westlake Corner 1,824
0%
Weyers Cave 2,243
0%
Whitesville 52
0%
Willis Wharf 322
0%
Wolf Trap 16,020
0%
Woodburn 10,046
0%
Yogaville 239
0%
Yorkshire 10,678
0%
No matching quizzes found
Score Distribution
Percent of People with Each Score
Percentile by Number Answered
Your Score History
You have not taken this quiz